|
|
|
|
| LEADER |
00000cam a2200000 a 4500 |
| 001 |
vtls008393460 |
| 003 |
SK-MaSNL |
| 005 |
20260425222649.0 |
| 008 |
160830s1927 xo 000 0 slo |
| 015 |
|
|
|a SKSNBA19191938-010066
|
| 035 |
|
|
|a SK01SNKBSKHR20010085677
|
| 035 |
|
|
|a SKM000088140
|
| 040 |
|
|
|a SNK
|b slo
|c SNK
|e AACR2
|
| 041 |
0 |
|
|a slo
|
| 044 |
|
|
|a xo
|c SK
|
| 080 |
|
|
|a 943.76
|2 1981
|
| 100 |
1 |
|
|a Rapant, Daniel,
|d 1897-1988
|4 aut
|9 108104
|
| 245 |
1 |
0 |
|a K počiatkom maďarizácie
|n Diel prvý
|p Vývoj rečovej otázky v Uhorsku v rokoch 1740-1790
|c Daniel Rapant
|
| 246 |
3 |
0 |
|a Vývoj rečovej otázky v Uhorsku v rokoch 1740-1790
|
| 260 |
|
|
|a Bratislava
|b Filozofická fakulta Univerzity Komenského
|c 1927
|
| 300 |
|
|
|a 598 s.
|c 4°
|
| 490 |
0 |
|
|a Spisy Filozofickej fakulty Univerzity Komenského v Bratislave
|v zv. 8
|
| 500 |
|
|
|a Tlačené s použitím sadzby vydania Zemedelského muzea v Bratislave
|
| 504 |
|
|
|a Obsahuje bibliografiu
|
| 648 |
|
7 |
|a 1740-17902SNKPH
|2 SNK
|9 309358
|
| 650 |
0 |
7 |
|a maďarizácia
|2 SNKPH
|9 82594
|
| 651 |
|
7 |
|a Uhorsko
|2 SNKPHgeo
|9 28673
|
| 651 |
|
7 |
|a Slovensko
|2 SNKPHgeo
|9 14231
|
| 655 |
|
7 |
|a monografie
|2 SNKPH
|9 70139
|
| 830 |
|
0 |
|a Spisy Filozofickej fakulty Univerzity Komenského v Bratislave
|9 309359
|
| 852 |
|
|
|a Slovenská národná knižnica
|
| 958 |
|
|
|a OND
|
| 958 |
|
|
|a RK
|
| 958 |
|
|
|a TL
|
| 999 |
|
|
|c 564439
|d 566369
|
| 952 |
|
|
|a SNK
|b SNK
|y PREZ
|7 0
|p 17A0140058
|o snkSB 107/8
|i snk764/28
|0 0
|1 0
|4 0
|d 2011-08-15
|f 1
|l 0
|r 2025-01-31 00:00:00
|w 2026-02-23
|